[Event "Landsturneringen NM i sjakk 2013"]
[Site "Radisson Blu Lillehammer Hotel"]
[Date "2013.06.29"]
[Round "1"]
[White "Fossan, Petter"]
[Black "Grønnestad, Anita"]
[Result "1-0"]
[WhiteElo "2168"]
[BlackElo "1895"]
[PlyCount "73"]
[EventDate "2013.??.??"]

1. e4 e6 2. d4 d5 3. Nd2 Nf6 4. e5 Nfd7 5. c3 c5 6. Bd3 Nc6 7. Ndf3 cxd4 8.
cxd4 f6 9. exf6 Nxf6 10. Nh3 Bd6 11. O-O O-O 12. Re1 Qc7 13. Nhg5 e5 14. dxe5
Nxe5 15. Bxh7+ Nxh7 16. Nxe5 Nxg5 17. Bxg5 Be6 18. Rc1 Qb6 19. Be3 Qd8 20. Bd4
Qh4 21. g3 Qh3 22. f4 Rac8 23. Qb3 b5 24. Qf3 Bb4 25. Rf1 Bd2 26. Rcd1 Bb4 27.
Rf2 Bc5 28. g4 Bxd4 29. Qxh3 Bxf2+ 30. Kxf2 Rxf4+ 31. Kg1 Re4 32. Qg3 Re2 33.
Re1 Rcc2 34. Rxe2 Rxe2 35. g5 d4 36. g6 Bd5 37. Qh4
1-0

[Event "Landsturneringen NM i sjakk 2013"]
[Site "Radisson Blu Lillehammer Hotel"]
[Date "2013.06.29"]
[Round "1"]
[White "Thingstad, Even"]
[Black "Lindsøe, Fredrik Aunan"]
[Result "0-1"]
[WhiteElo "2277"]
[BlackElo "2008"]
[PlyCount "120"]
[EventDate "2013.??.??"]

1. d4 Nf6 2. c4 e6 3. Nc3 Bb4 4. e3 b6 5. Nge2 Bb7 6. a3 Be7 7. d5 a5 8. Ng3 h5
9. h4 g6 10. Be2 e5 11. b3 d6 12. Nf1 Na6 13. Bb2 Nc5 14. Nd2 Bc8 15. Qc2 Bf5
16. e4 Bc8 17. g3 Ng4 18. Nb5 O-O 19. f3 Nh6 20. O-O-O f5 21. Nc3 f4 22. gxf4
Rxf4 23. Kb1 Kh7 24. Nf1 a4 25. b4 Nb3 26. Nxa4 Rxa4 27. Qxb3 Bd7 28. Ne3 Bxh4
29. Ng2 Bg5 30. Nxf4 Bxf4 31. Bf1 Ra8 32. b5 Qg5 33. Bc3 Be3 34. Qc2 Bc5 35. a4
Qg3 36. Be2 Nf7 37. Be1 Qg2 38. Bc3 Ng5 39. Rdf1 Nh3 40. Bd1 Qg5 41. Rh2 Nf4
42. Be1 Qf6 43. Rfh1 Be8 44. Bf2 Bxf2 45. Qxf2 Nd3 46. Qe3 Nc5 47. Rf1 Ra5 48.
Ra2 Bd7 49. f4 Nxe4 50. Bc2 Nc5 51. f5 g5 52. Ra3 g4 53. Rh1 Be8 54. Qg3 Kg7
55. Rh4 Qg5 56. Re3 Kf6 57. Rh1 Bd7 58. Re2 Nxa4 59. Rhe1 h4 60. Qf2 Nc3+ 0-1

[Event "Landsturneringen NM i sjakk 2013"]
[Site "Radisson Blu Lillehammer Hotel"]
[Date "2013.06.29"]
[Round "1"]
[White "Hobber, Anders"]
[Black "Johnsen, Øystein"]
[Result "1-0"]
[WhiteElo "2287"]
[BlackElo "2031"]
[PlyCount "137"]
[EventDate "2013.??.??"]

1. d4 d5 2. c4 e6 3. Nc3 Nf6 4. cxd5 exd5 5. Bg5 Be7 6. e3 Nbd7 7. Bd3 Nb6 8.
h3 Be6 9. Nf3 Nh5 10. Bxe7 Qxe7 11. Ne5 Nf6 12. O-O g6 13. Bb5+ Nfd7 14. Nxd7
Bxd7 15. Bxd7+ Qxd7 16. Rc1 O-O 17. Ne2 c6 18. Nf4 Rfe8 19. Nd3 Re7 20. Qf3 Kg7
21. Rc2 Rae8 22. Rfc1 Nc4 23. b3 Nd6 24. Ne5 Qf5 25. Qxf5 Nxf5 26. Nd3 Nd6 27.
g3 f6 28. Kg2 Kf7 29. Rd2 Ne4 30. Rdd1 Nd6 31. Rc2 a6 32. Nc5 Ra8 33. Kf3 Ne4
34. Nxe4 Rxe4 35. Rdc1 f5 36. b4 Ke7 37. a4 Kd7 38. b5 axb5 39. axb5 Re6 40.
bxc6+ Rxc6 41. Rxc6 bxc6 42. Rb1 Kc7 43. Rb2 h6 44. Kf4 Re8 45. g4 Re4+ 46. Kf3
fxg4+ 47. hxg4 g5 48. Ra2 Kb7 49. Ra1 Re6 50. Ke2 Rf6 51. Ra2 Re6 52. Kd3 Rf6
53. Ke2 Re6 54. Ra1 Rf6 55. Rf1 Kb6 56. Rb1+ Kc7 57. f3 Rf7 58. Kf2 Rf6 59. Ra1
Kb7 60. Kg3 Re6 61. Ra3 Kb6 62. f4 c5 63. f5 Rf6 64. dxc5+ Kxc5 65. Ra8 Rd6 66.
Kf3 d4 67. Rc8+ Kd5 68. e4+ Ke5 69. Rc5+ 1-0

[Event "Landsturneringen NM i sjakk 2013"]
[Site "Radisson Blu Lillehammer Hotel"]
[Date "2013.06.29"]
[Round "1"]
[White "Laverton, Christian"]
[Black "Sahl, Sheila Barth"]
[Result "0-1"]
[WhiteElo "2001"]
[BlackElo "2185"]
[PlyCount "85"]
[EventDate "2013.??.??"]

1. d4 d5 2. c4 c6 3. Nf3 Nf6 4. Nc3 dxc4 5. a4 Bf5 6. Ne5 Nbd7 7. Nxc4 Nb6 8.
Ne5 a5 9. Bg5 Nfd7 10. Nd3 h6 11. Bh4 g5 12. Bg3 Bg7 13. e3 O-O 14. Be2 Re8 15.
O-O e5 16. dxe5 Nxe5 17. Nxe5 Bxe5 18. Qb3 Be6 19. Qc2 Bxg3 20. hxg3 Qe7 21.
Rfd1 Rad8 22. Rxd8 Rxd8 23. Rd1 Rxd1+ 24. Bxd1 Qb4 25. Ne4 Nc4 26. Qd3 Qxb2 27.
Bb3 Kg7 28. Nc5 Ne5 29. Nxe6+ fxe6 30. Qd1 Kf6 31. Qd8+ Kf7 32. Qd1 Ke7 33. f4
Nf7 34. Qd3 Qf6 35. Qd2 Qf5 36. Kf2 Nd6 37. Qb2 Ne4+ 38. Kg1 Nxg3 39. Bc2 Qc5
40. Qg7+ Kd8 41. Qh8+ Kc7 42. Qh7+ Kb6 43. fxg5
0-1

[Event "Landsturneringen NM i sjakk 2013"]
[Site "Radisson Blu Lillehammer Hotel"]
[Date "2013.06.29"]
[Round "1"]
[White "Aulin-Jansson, Jøran"]
[Black "Stray, Gunnar"]
[Result "0-1"]
[WhiteElo "2188"]
[BlackElo "2032"]
[PlyCount "88"]
[EventDate "2013.??.??"]

1. e4 c5 2. Nc3 Nc6 3. f4 e6 4. Nf3 d5 5. Bb5 d4 6. Ne2 Bd7 7. O-O Nf6 8. d3
Qc7 9. h3 h5 10. c3 dxc3 11. bxc3 a6 12. Ba4 c4 13. Bc2 cxd3 14. Bxd3 Rd8 15.
Be3 Na5 16. Bd4 Bc6 17. Qb1 b5 18. a4 Rb8 19. axb5 Bxb5 20. Ne5 Nc4 21. Qa2
Nxe5 22. Bxe5 Qb6+ 23. Bd4 Bc5 24. Qd2 Bxd4+ 25. cxd4 O-O 26. e5 Nd5 27. f5
Bxd3 28. Qxd3 exf5 29. Qf3 Rbd8 30. Qxh5 Nc3 31. Ng3 Qxd4+ 32. Kh1 g6 33. Qg5
Qd2 34. Qf6 Nd5 35. Qh4 Ne3 36. Rg1 Qd4 37. Qg5 Kh7 38. Rxa6 Qxe5 39. Nh5 Rd1
40. Qh4 Rxg1+ 41. Kxg1 Rh8 42. Ra7 Ng4 43. Re7 Qd4+ 44. Kh1 Nf2+
0-1

[Event "Landsturneringen NM i sjakk 2013"]
[Site "Radisson Blu Lillehammer Hotel"]
[Date "2013.06.29"]
[Round "1"]
[White "Merkesvik, Sondre"]
[Black "Thanke, Bror"]
[Result "0-1"]
[WhiteElo "1933"]
[BlackElo "2106"]
[PlyCount "72"]
[EventDate "2013.??.??"]

1. Nf3 Nf6 2. g3 d6 3. Bg2 e5 4. O-O c6 5. c4 Be7 6. Qc2 O-O 7. Rd1 h6 8. Nc3
Re8 9. d4 Qc7 10. dxe5 dxe5 11. b3 Bg4 12. Bb2 Nbd7 13. Ne4 Nxe4 14. Qxe4 f5
15. Qc2 Bf6 16. h3 Bxf3 17. Bxf3 e4 18. Bg2 Rad8 19. h4 Bxb2 20. Qxb2 Ne5 21.
Bh3 f4 22. Rd4 fxg3 23. fxg3 Rxd4 24. Qxd4 Nf3+ 25. exf3 Qxg3+ 26. Bg2 exf3 27.
Qf2 Qxg2+ 28. Qxg2 fxg2 29. Kxg2 Re3 30. h5 Re5 31. Rd1 Rg5+ 32. Kf3 Rxh5 33.
Rd8+ Kh7 34. Ra8 Ra5 35. a4 a6 36. Ra7 b5 0-1

[Event "Landsturneringen NM i sjakk 2013"]
[Site "Radisson Blu Lillehammer Hotel"]
[Date "2013.06.29"]
[Round "1"]
[White "Woldseth, Ole"]
[Black "Mihajlov, Sebastian"]
[Result "0-1"]
[WhiteElo "1986"]
[BlackElo "2120"]
[PlyCount "52"]
[EventDate "2013.??.??"]

1. d4 d5 2. Bf4 Nf6 3. e3 e6 4. Nd2 Nbd7 5. Ngf3 c5 6. c3 Be7 7. Bd3 O-O 8. Ne5
Nxe5 9. dxe5 Nd7 10. h4 Qb6 11. Rb1 c4 12. Bc2 Nc5 13. Nf3 Bd7 14. Ng5 h6 15.
Qh5 Nd3+ 16. Ke2 d4 17. Kf3 f6 18. Bxd3 cxd3 19. exf6 Rxf6 20. Kg3 e5 21. Bxe5
Rf5 22. Bxd4 Qd6+ 23. f4 hxg5 24. hxg5 Rxg5+ 25. Qxg5 Bxg5 26. Be5 Qg6
0-1

[Event "Landsturneringen NM i sjakk 2013"]
[Site "Radisson Blu Lillehammer Hotel"]
[Date "2013.06.29"]
[Round "1"]
[White "Mihajlov, Svetoslav"]
[Black "Salomon, Johan"]
[Result "0-1"]
[WhiteElo "2026"]
[BlackElo "2230"]
[PlyCount "82"]
[EventDate "2013.??.??"]

1. Nf3 Nf6 2. g3 c5 3. c4 Nc6 4. b3 g6 5. Bb2 Bg7 6. Bg2 O-O 7. O-O d5 8. cxd5
Nxd5 9. Bxg7 Kxg7 10. Qc2 Qd6 11. Na3 b6 12. Nc4 Qf6 13. Rac1 Rd8 14. h3 Bb7
15. a3 Rac8 16. Qb1 b5 17. Nb2 e5 18. e3 Na5 19. Qc2 Ne7 20. Ne1 Bxg2 21. Kxg2
Qe6 22. d3 Nxb3 23. Rd1 a5 24. a4 bxa4 25. Nxa4 Qc6+ 26. Nf3 Qxa4 27. Nxe5 Qb5
28. f4 Nf5 29. Rfe1 a4 30. g4 Ne7 31. g5 Nf5 32. Ng4 Qc6+ 33. Kf2 Nh4 34. Qc3+
Nd4 35. Kg3 Nhf5+ 36. Kh2 Qf3 37. exd4 Qxf4+ 38. Kh1 Qf3+ 39. Kh2 Qg3+ 40. Kh1
Qxh3+ 41. Nh2 cxd4
0-1

[Event "Landsturneringen NM i sjakk 2013"]
[Site "Radisson Blu Lillehammer Hotel"]
[Date "2013.06.29"]
[Round "1"]
[White "Johnsen, Kjell Magne"]
[Black "Forså, Espen"]
[Result "0-1"]
[WhiteElo "2005"]
[BlackElo "2287"]
[PlyCount "82"]
[EventDate "2013.??.??"]

1. d4 e6 2. c4 Nf6 3. Nc3 Bb4 4. Qc2 O-O 5. a3 Bxc3+ 6. Qxc3 b6 7. Bg5 Ba6 8.
e3 d6 9. Ne2 Nbd7 10. Qc2 Rc8 11. Qa4 Nb8 12. Nc3 h6 13. Bh4 c5 14. Rd1 Qd7 15.
dxc5 Qxa4 16. Nxa4 dxc5 17. f3 Nc6 18. Nc3 Na5 19. Nb5 Bxb5 20. cxb5 Rfd8 21.
Be2 Rxd1+ 22. Kxd1 Nd5 23. Bf2 Kf8 24. Kc2 Ke7 25. Rd1 Nc7 26. Bg3 Nd5 27. Bf2
f6 28. g4 Nc7 29. h4 c4 30. a4 Nd5 31. Rd4 Nb4+ 32. Kb1 e5 33. Rd2 Ke6 34. Be1
c3 35. bxc3 Nd5 36. Rd3 Nc4 37. Ka2 Ncxe3 38. Bd2 Ng2 39. h5 Ngf4 40. Bxf4 Nxf4
41. Re3 Nd5
0-1

[Event "Landsturneringen NM i sjakk 2013"]
[Site "Radisson Blu Lillehammer Hotel"]
[Date "2013.06.29"]
[Round "1"]
[White "Bryn, Askild"]
[Black "Myhrvold, Rune"]
[Result "0-1"]
[WhiteElo "2052"]
[BlackElo "2198"]
[PlyCount "50"]
[EventDate "2013.??.??"]

1. e4 c6 2. d4 d5 3. e5 c5 4. c3 Nc6 5. h3 Bf5 6. Bd3 Bxd3 7. Qxd3 e6 8. Ne2
Nge7 9. g3 Nf5 10. b4 cxb4 11. cxb4 Qb6 12. Be3 a5 13. b5 Na7 14. Nbc3 Nxe3 15.
fxe3 Be7 16. O-O O-O 17. Rab1 Rac8 18. Na4 Qd8 19. b6 Nc6 20. Rfc1 Qd7 21. Nc5
Bxc5 22. Rxc5 Nxe5 23. Qc3 Rxc5 24. dxc5 Nc4 25. Nd4 Rc8
0-1

[Event "Landsturneringen NM i sjakk 2013"]
[Site "Radisson Blu Lillehammer Hotel"]
[Date "2013.06.29"]
[Round "1"]
[White "Madland, Kristoffer"]
[Black "Andersen, Per O"]
[Result "1/2-1/2"]
[WhiteElo "2105"]
[BlackElo "1945"]
[PlyCount "101"]
[EventDate "2013.??.??"]

1. e4 d5 2. exd5 Nf6 3. d4 Bg4 4. Be2 Bxe2 5. Qxe2 Qxd5 6. Nf3 e6 7. O-O Nc6 8.
Be3 Qh5 9. c4 O-O-O 10. Nc3 Rg8 11. Rfd1 g5 12. d5 g4 13. Nd4 Bd6 14. g3 Ne5
15. Ncb5 Nf3+ 16. Nxf3 gxf3 17. Nxd6+ Rxd6 18. Qd3 Ng4 19. h4 Ne5 20. Qe4 Rg4
21. Bf4 Qxh4 22. Bxe5 Rxe4 23. gxh4 Rxe5 24. Rd3 Rf5 25. Rad1 exd5 26. Rxd5
Rdxd5 27. cxd5 Kd7 28. Kh2 Kd6 29. Rd3 Rxd5 30. Rxf3 Ke6 31. Re3+ Re5 32. Rb3
b6 33. Kg3 Re4 34. Rc3 Kd7 35. Rd3+ Kc8 36. Rf3 Re7 37. Kg4 Kd7 38. Kg5 Ke8 39.
Kh6 Kf8 40. Kxh7 Re2 41. b4 Rxa2 42. Rc3 Rxf2 43. Rxc7 Rf4 44. h5 a5 45. bxa5
bxa5 46. Ra7 a4 47. h6 Rh4 48. Ra8+ Ke7 49. Ra7+ Kf8 50. Ra8+ Ke7 51. Ra7+
1/2-1/2

[Event "Landsturneringen NM i sjakk 2013"]
[Site "Radisson Blu Lillehammer Hotel"]
[Date "2013.06.29"]
[Round "1"]
[White "Ulvin, Dag"]
[Black "Sørgjerd, Jan"]
[Result "1/2-1/2"]
[WhiteElo "2212"]
[BlackElo "2019"]
[PlyCount "106"]
[EventDate "2013.??.??"]

1. e4 c5 2. Nf3 d6 3. Bb5+ Bd7 4. Bxd7+ Nxd7 5. O-O Ngf6 6. Re1 e6 7. c3 Be7 8.
d4 cxd4 9. cxd4 d5 10. e5 Ne4 11. Nbd2 Nxd2 12. Bxd2 O-O 13. Rc1 Nb6 14. Ba5
Qd7 15. Bxb6 axb6 16. Qb3 b5 17. Re3 Ra4 18. Rec3 Rc4 19. g3 Bd8 20. Qd1 Ba5
21. R3c2 Rfc8 22. b3 Rxc2 23. Rxc2 Bb6 24. Qc1 Rxc2 25. Qxc2 h6 26. Kf1 Qc6 27.
Qd2 Bd8 28. Ne1 Be7 29. Nc2 Qa6 30. Ne3 b4+ 31. Ke1 Qb6 32. Nc2 Qb5 33. f4 Qa6
34. Ne3 Qc6 35. h4 Kf8 36. Kf2 Ke8 37. f5 Qa6 38. Qe2 Qxe2+ 39. Kxe2 h5 40. Ng2
g6 41. Nf4 gxf5 42. Nxh5 Kf8 43. Kf3 Kg8 44. Nf4 Kg7 45. Nd3 b6 46. g4 fxg4+
47. Kxg4 Kh6 48. Nb2 Kg6 49. Na4 Bd8 50. Nb2 Be7 51. Nd3 Kh6 52. Nf4 Bd8 53.
Nd3 Be7
1/2-1/2

[Event "Landsturneringen NM i sjakk 2013"]
[Site "Radisson Blu Lillehammer Hotel"]
[Date "2013.06.29"]
[Round "1"]
[White "Andreassen, Arnold"]
[Black "Vea, Odin Blikra"]
[Result "1/2-1/2"]
[WhiteElo "1979"]
[BlackElo "2184"]
[PlyCount "36"]
[EventDate "2013.??.??"]

1. e4 e5 2. Nf3 d5 3. Nxe5 Bd6 4. d4 dxe4 5. Nc3 Bxe5 6. dxe5 Qxd1+ 7. Kxd1 Nc6
8. Nxe4 Nxe5 9. Bf4 Bg4+ 10. Ke1 f6 11. Bxe5 fxe5 12. Bd3 Ne7 13. f3 Bf5 14.
Kf2 O-O 15. Rhe1 Ng6 16. Nc5 Bxd3 17. Nxd3 Rad8 18. Re4 Nf4
1/2-1/2

[Event "Landsturneringen NM i sjakk 2013"]
[Site "Radisson Blu Lillehammer Hotel"]
[Date "2013.06.29"]
[Round "1"]
[White "Martinsen, Stig K."]
[Black "Machlik, Monika"]
[Result "1/2-1/2"]
[WhiteElo "2145"]
[BlackElo "1933"]
[PlyCount "62"]
[EventDate "2013.??.??"]

1. e4 Nf6 2. e5 Nd5 3. d4 d6 4. c4 Nb6 5. f4 dxe5 6. fxe5 Nc6 7. Be3 Bf5 8. Nc3
e6 9. Nf3 Be7 10. Be2 O-O 11. O-O f6 12. exf6 Bxf6 13. h3 h6 14. Qd2 Qd7 15.
Rad1 Rad8 16. Qc1 Qe8 17. Kh2 Rf7 18. Rfe1 Rfd7 19. c5 Nd5 20. Bb5 Re7 21. Nxd5
exd5 22. Bf4 Be4 23. Bxc6 Qxc6 24. Ne5 Bxe5 25. Bxe5 Rf7 26. Rf1 Rdf8 27. Rxf7
Rxf7 28. Rf1 Qg6 29. Bg3 c6 30. Rxf7 Qxf7 31. Qf4 Qxf4
1/2-1/2

[Event "Landsturneringen NM i sjakk 2013"]
[Site "Radisson Blu Lillehammer Hotel"]
[Date "2013.06.29"]
[Round "1"]
[White "Olsen, Anders"]
[Black "Lillevold, Frode"]
[Result "1/2-1/2"]
[WhiteElo "1948"]
[BlackElo "2067"]
[PlyCount "113"]
[EventDate "2013.??.??"]

1. e4 e5 2. Nf3 Nc6 3. Bb5 Nf6 4. Qe2 a6 5. Ba4 b5 6. Bb3 Be7 7. a4 Rb8 8. axb5
axb5 9. d3 O-O 10. Nbd2 d5 11. h3 Bb7 12. O-O dxe4 13. dxe4 Ra8 14. Rxa8 Qxa8
15. c3 Bc5 16. Nh4 Ne7 17. Bc2 Ng6 18. Nxg6 hxg6 19. Qxb5 Bb6 20. Qxe5 Re8 21.
Qg3 Nxe4 22. Nxe4 Bxe4 23. Bxe4 Qxe4 24. Bf4 c6 25. Bc7 Ba7 26. Ra1 Bc5 27. b4
Be7 28. Qg4 Bf6 29. Qxe4 Rxe4 30. Ra8+ Kh7 31. Rf8 Bxc3 32. Rxf7 Bxb4 33. Bb6
c5 34. g3 Re6 35. Bc7 c4 36. Bf4 Be7 37. Bd2 Kg8 38. Rf3 Rf6 39. Rc3 Rc6 40.
Be3 Bf6 41. Rc2 Kf7 42. Kf1 Ke6 43. Ke2 g5 44. Ra2 Rd6 45. Ra4 c3 46. Rc4 Rd8
47. Rc7 Rh8 48. Kd3 Rxh3 49. Bd4 Rh1 50. Bxc3 Bxc3 51. Rxc3 Ra1 52. Rc4 Ra2 53.
Ke3 Kf6 54. Kf3 Kf5 55. g4+ Ke5 56. Rc5+ Kf6 57. Rc6+ 1/2-1/2

[Event "Landsturneringen NM i sjakk 2013"]
[Site "Radisson Blu Lillehammer Hotel"]
[Date "2013.06.29"]
[Round "2"]
[White "Salomon, Johan"]
[Black "Fossan, Petter"]
[Result "1/2-1/2"]
[WhiteElo "2230"]
[BlackElo "2168"]
[PlyCount "41"]
[EventDate "2013.??.??"]

1. e4 c6 2. Nc3 d5 3. Nf3 Bg4 4. h3 Bxf3 5. Qxf3 e6 6. Be2 Nf6 7. O-O Nbd7 8.
d4 dxe4 9. Nxe4 Nxe4 10. Qxe4 Nf6 11. Qd3 Bd6 12. c3 O-O 13. Bg5 Be7 14. Bd1
Qd5 15. Bh4 Rad8 16. Bf3 Qd7 17. Qe2 Rfe8 18. Rfe1 Nd5 19. Bxe7 Rxe7 20. Rad1
Nf6 21. g3
1/2-1/2

[Event "Landsturneringen NM i sjakk 2013"]
[Site "Radisson Blu Lillehammer Hotel"]
[Date "2013.06.29"]
[Round "2"]
[White "Lindsøe, Fredrik Aunan"]
[Black "Mihajlov, Sebastian"]
[Result "0-1"]
[WhiteElo "2008"]
[BlackElo "2120"]
[PlyCount "70"]
[EventDate "2013.??.??"]

1. c4 c6 2. g3 Nf6 3. Bg2 d5 4. Nf3 dxc4 5. a4 Bf5 6. Na3 Qd5 7. Nh4 Be4 8. f3
Bg6 9. e4 Qd4 10. Qe2 e5 11. Nxc4 Nbd7 12. Ne3 Nc5 13. O-O O-O-O 14. Qc4 Qd3
15. b4 Qxc4 16. Nxc4 Nd3 17. Bh3+ Kb8 18. b5 Rd4 19. Na5 Bc5 20. Kh1 Bb6 21.
Nb3 Rb4 22. Ra3 cxb5 23. a5 Bc7 24. Na1 Rd8 25. a6 Rb1 26. axb7 Nxc1 27. Bc8
Rxd2 28. Ng2 Rbb2 29. Rxc1 Rxg2 30. Nb3 Rxh2+ 31. Kg1 Bb6+ 32. Nc5 Rhc2 33. Rc3
Rxc3 34. Rxc3 Bxe4 35. Kf1 Bxc5
0-1

[Event "Landsturneringen NM i sjakk 2013"]
[Site "Radisson Blu Lillehammer Hotel"]
[Date "2013.06.29"]
[Round "2"]
[White "Forså, Espen"]
[Black "Hobber, Anders"]
[Result "1-0"]
[WhiteElo "2287"]
[BlackElo "2287"]
[PlyCount "59"]
[EventDate "2013.??.??"]

1. d4 d5 2. c4 c6 3. cxd5 cxd5 4. Bf4 Nc6 5. Nc3 Nf6 6. e3 a6 7. Bd3 Bg4 8. f3
Bd7 9. Nge2 e6 10. Bg5 Be7 11. Bh4 O-O 12. O-O Rc8 13. Rc1 Na5 14. Ng3 Nc4 15.
Qe2 h6 16. f4 Qb6 17. Rc2 Nxe3 18. Qxe3 Ng4 19. Qf3 Bxh4 20. Qxg4 Qxd4+ 21.
Rcf2 Qxd3 22. Qxh4 d4 23. Nce4 Bc6 24. f5 exf5 25. Nd6 Rc7 26. Ndxf5 Bb5 27.
Qg4 f6 28. Nxd4 Bc4 29. b3 Bd5 30. Ndf5
1-0

[Event "Landsturneringen NM i sjakk 2013"]
[Site "Radisson Blu Lillehammer Hotel"]
[Date "2013.06.29"]
[Round "2"]
[White "Sahl, Sheila Barth"]
[Black "Christiansen, Johan-Sebastian"]
[Result "1-0"]
[WhiteElo "2185"]
[BlackElo "2089"]
[PlyCount "89"]
[EventDate "2013.??.??"]

1. e4 c5 2. Nf3 d6 3. d4 cxd4 4. Nxd4 Nf6 5. Nc3 g6 6. Be3 Bg7 7. f3 O-O 8. Qd2
Nc6 9. O-O-O d5 10. Kb1 Nxd4 11. e5 Nf5 12. exf6 exf6 13. Bc5 Ne7 14. Nxd5 Qxd5
15. Qxd5 Nxd5 16. Bxf8 Ne3 17. Re1 Nxc2 18. Kxc2 Kxf8 19. Bd3 Be6 20. Kb1 f5
21. Rc1 Be5 22. Bc4 Ke7 23. g3 g5 24. Rhe1 Bd6 25. Re2 Re8 26. Rd1 Rc8 27. Bd5
Rc7 28. Rde1 Bb4 29. Bxe6 fxe6 30. Rxe6+ Kf7 31. R1e2 Bd2 32. a3 f4 33. R6e5
Kf6 34. Re6+ Kf7 35. Rd6 Be3 36. Rc2 Re7 37. Rc4 b5 38. Rcc6 fxg3 39. hxg3 Bf2
40. g4 Rb7 41. Rd5 Be3 42. Rcd6 Ke7 43. Rh6 Kf8 44. Rd8+ Kg7 45. Rhd6
1-0

[Event "Landsturneringen NM i sjakk 2013"]
[Site "Radisson Blu Lillehammer Hotel"]
[Date "2013.06.29"]
[Round "2"]
[White "Stray, Gunnar"]
[Black "Thanke, Bror"]
[Result "1/2-1/2"]
[WhiteElo "2032"]
[BlackElo "2106"]
[PlyCount "91"]
[EventDate "2013.??.??"]

1. d4 g6 2. e4 Bg7 3. c3 d6 4. Nf3 Nf6 5. Nbd2 O-O 6. Bc4 Nc6 7. O-O e5 8. dxe5
dxe5 9. h3 Qe7 10. Re1 a6 11. b4 Nh5 12. Nf1 Nd8 13. Ne3 Nf4 14. Nd5 Nxd5 15.
Bxd5 Ne6 16. g3 Rd8 17. Qc2 c6 18. Bc4 b5 19. Bf1 c5 20. a4 Bd7 21. axb5 axb5
22. Rxa8 Rxa8 23. bxc5 Nxc5 24. Be3 Bc6 25. Nd2 Bf8 26. Rb1 Qd7 27. c4 bxc4 28.
Bxc4 Ne6 29. Nf3 Bg7 30. Bxe6 Qxe6 31. Ng5 Qe8 32. Qc4 Rc8 33. Qd3 h6 34. Nf3
Qe6 35. Kh2 f5 36. exf5 gxf5 37. Nh4 Be4 38. Qb3 Bd5 39. Qb6 Bc6 40. Rd1 Bf6
41. Ng2 Be7 42. Qa7 Bg5 43. Bxg5 hxg5 44. Qb6 Re8 45. Rc1 Bxg2 46. Qxe6+
1/2-1/2

[Event "Landsturneringen NM i sjakk 2013"]
[Site "Radisson Blu Lillehammer Hotel"]
[Date "2013.06.29"]
[Round "2"]
[White "Andersen, Per O"]
[Black "Ulvin, Dag"]
[Result "0-1"]
[WhiteElo "1945"]
[BlackElo "2212"]
[PlyCount "88"]
[EventDate "2013.??.??"]

1. d4 Nf6 2. Nf3 e6 3. e3 c5 4. Bd3 Nc6 5. O-O d5 6. b3 Bd6 7. Bb2 O-O 8. Nbd2
Bd7 9. Ne5 Qc7 10. Nxc6 Bxc6 11. dxc5 Bxh2+ 12. Kh1 Be5 13. Bd4 Ne4 14. Nf3 Bf6
15. Bxf6 Nxf6 16. Nh2 Qa5 17. Ng4 Nxg4 18. Qxg4 Qxc5 19. Qh4 g6 20. b4 Qc3 21.
Rab1 a6 22. f4 f5 23. Rf3 Qf6 24. Qe1 e5 25. fxe5 Qxe5 26. Rh3 Rae8 27. b5 axb5
28. Bxb5 f4 29. Bxc6 bxc6 30. Qh4 Re7 31. exf4 Rxf4 32. Qg3 c5 33. Qa3 d4 34.
Qb3+ Kg7 35. Kg1 Re4 36. Qc4 Re2 37. Rf3 Qg5 38. Rf7+ Kh6 39. Rf2 Rxf2 40. Kxf2
Qe3+ 41. Kf1 Re4 42. g3 Qf3+ 43. Kg1 Qxg3+ 44. Kf1 Qf3+ 0-1

[Event "Landsturneringen NM i sjakk 2013"]
[Site "Radisson Blu Lillehammer Hotel"]
[Date "2013.06.29"]
[Round "2"]
[White "Sørgjerd, Jan"]
[Black "Andreassen, Arnold"]
[Result "1-0"]
[WhiteElo "2019"]
[BlackElo "1979"]
[PlyCount "135"]
[EventDate "2013.??.??"]

1. Nf3 Nf6 2. c4 g6 3. g3 Bg7 4. Bg2 d5 5. O-O O-O 6. cxd5 Nxd5 7. Nc3 Nb6 8.
d3 Nc6 9. Be3 e5 10. Qd2 Nd4 11. Bh6 c6 12. Rac1 Qe7 13. Bxg7 Kxg7 14. Qe3
Nxf3+ 15. Bxf3 f5 16. Bg2 Qf6 17. b4 Be6 18. b5 Rac8 19. bxc6 bxc6 20. a4 f4
21. Qc5 Bd5 22. Ne4 Qe6 23. a5 Nd7 24. Qc3 Kg8 25. Ng5 Qd6 26. Bxd5+ Qxd5 27.
Qc4 fxg3 28. hxg3 Nf6 29. Rc2 h6 30. Nf3 e4 31. Ne5 exd3 32. Nxd3 Rfe8 33. Qf4
Kg7 34. Rc5 Qe4 35. Re5 Qxf4 36. gxf4 Nd7 37. Rxe8 Rxe8 38. e3 Re6 39. Rb1 Rd6
40. Ne1 Nc5 41. Nf3 Kf6 42. Kg2 Ke6 43. Rb8 Kd5 44. Rb4 Ne6 45. Ne5 Kc5 46. Rb7
a6 47. Nd7+ Kc4 48. Kf3 Nd8 49. Ne5+ Kc3 50. Rb6 Re6 51. Rxa6 g5 52. Ra8 gxf4
53. exf4 Rd6 54. a6 Ne6 55. Rc8 Nd4+ 56. Kg4 Nb5 57. Nxc6 Kd3 58. a7 Nxa7 59.
Nxa7 Rg6+ 60. Kf3 h5 61. Rd8+ Kc4 62. Rh8 Ra6 63. Rh7 Ra3+ 64. Kg2 h4 65. Nc6
Kd5 66. Ne5 h3+ 67. Rxh3 Ra4 68. Kf3 1-0

[Event "Landsturneringen NM i sjakk 2013"]
[Site "Radisson Blu Lillehammer Hotel"]
[Date "2013.06.29"]
[Round "2"]
[White "Lillevold, Frode"]
[Black "Haanshuus, Aslak"]
[Result "1-0"]
[WhiteElo "2067"]
[BlackElo "2031"]
[PlyCount "81"]
[EventDate "2013.??.??"]

1. d4 e6 2. c4 Nf6 3. Nc3 Bb4 4. Qc2 d5 5. a3 Bxc3+ 6. Qxc3 dxc4 7. Qxc4 b6 8.
Nf3 Ba6 9. Qc2 O-O 10. g3 Nbd7 11. Bg2 Bb7 12. O-O c5 13. b4 cxb4 14. axb4 b5
15. Bg5 Qb6 16. Bxf6 Rfc8 17. Qd2 Nxf6 18. Ne5 Bxg2 19. Kxg2 Rc7 20. Rfc1 Rac8
21. f3 Qd6 22. Rc5 a6 23. Rac1 Nd7 24. Nxd7 Qxd7 25. Qf4 Rxc5 26. dxc5 Qc7 27.
Qxc7 Rxc7 28. Rd1 Kf8 29. Rd8+ Ke7 30. Ra8 Rc6 31. Ra7+ Kf6 32. f4 h6 33. Kf3
e5 34. Ke4 exf4 35. gxf4 Re6+ 36. Kd5 Rxe2 37. c6 Rd2+ 38. Kc5 Rxh2 39. c7 g5
40. Rxa6+ Ke7 41. Rc6
1-0

[Event "Landsturneringen NM i sjakk 2013"]
[Site "Radisson Blu Lillehammer Hotel"]
[Date "2013.06.29"]
[Round "2"]
[White "Vea, Odin Blikra"]
[Black "Martinsen, Stig K."]
[Result "1-0"]
[WhiteElo "2184"]
[BlackElo "2145"]
[PlyCount "73"]
[EventDate "2013.??.??"]

1. e4 e6 2. d4 d5 3. e5 c5 4. c3 Nc6 5. Nf3 Qb6 6. a3 c4 7. Nbd2 f6 8. b4 fxe5
9. Nxe5 Nxe5 10. dxe5 Nh6 11. Nf3 g6 12. g3 Bg7 13. h4 Nf7 14. Bf4 Qc7 15. Qd4
h6 16. g4 Bd7 17. Bg2 O-O 18. O-O Ba4 19. Ra2 a5 20. Re2 axb4 21. axb4 Qd7 22.
Qe3 Bb3 23. Nd4 Ra3 24. Rfe1 Qe7 25. Bg3 Nd8 26. Rd2 Ba4 27. f4 Kh8 28. h5 Be8
29. hxg6 Bxg6 30. Bxd5 exd5 31. f5 Qg5 32. Bf4 Qxg4+ 33. Rg2 Qh5 34. f6 Bxf6
35. exf6 Nf7 36. Qg3 Ng5 37. Rh2
1-0

[Event "Landsturneringen NM i sjakk 2013"]
[Site "Radisson Blu Lillehammer Hotel"]
[Date "2013.06.29"]
[Round "2"]
[White "Machlik, Monika"]
[Black "Olsen, Anders"]
[Result "1/2-1/2"]
[WhiteElo "1933"]
[BlackElo "1948"]
[PlyCount "83"]
[EventDate "2013.??.??"]

1. d4 Nf6 2. c4 e6 3. Nc3 Bb4 4. Qc2 Nc6 5. Nf3 d6 6. Bg5 h6 7. Bxf6 Qxf6 8. a3
Bxc3+ 9. Qxc3 a5 10. b3 O-O 11. e3 Re8 12. Be2 e5 13. dxe5 dxe5 14. O-O Bg4 15.
Rfe1 Qe7 16. h3 Bxf3 17. Bxf3 e4 18. Be2 Qc5 19. Red1 Red8 20. Qb2 b6 21. Rac1
Rxd1+ 22. Rxd1 Rd8 23. Rxd8+ Nxd8 24. b4 axb4 25. axb4 Qe7 26. Qa3 c5 27. bxc5
bxc5 28. Qa8 g6 29. Bd1 Kg7 30. Bc2 f5 31. Qa1+ Kh7 32. Ba4 h5 33. Qd1 Nf7 34.
Bc6 Ne5 35. Bd5 h4 36. Qa1 Qg7 37. Qa5 Nd3 38. Qd8 Qa1+ 39. Kh2 Qe5+ 40. Kg1
Qa1+ 41. Kh2 Qe5+ 42. Kg1
1/2-1/2